[Event "Mezinarodni turnaj - CALLIDITAS OPEN"]
[Site "Plzen"]
[Date "2020.08.24"]
[Round "2"]
[Board "20"]
[White "Schubert, Gerhard"]
[Black "Kotešovec, Jaroslav"]
[Result "1-0"]
[WhiteElo "1976"]
[BlackElo "1585"]
[PlyCount "45"]
[EventDate "2020.08.23"]
[EventRounds "9"]
[EventCountry "CZE"]

1. e4 e5 2. Nf3 Nc6 3. d4 exd4 4. Bc4 Be7 5. c3 dxc3 6. Qd5 Nh6 7. Bxh6 O-O 8.
Nxc3 Nb4 9. Qd2 gxh6 10. O-O Bg5 11. Qe2 d6 12. Rad1 Re8 13. Bxf7+ Kxf7 14.
Qc4+ Kf8 15. Qxb4 a5 16. Qd4 Bf6 17. e5 Bxe5 18. Nxe5 Rxe5 19. Qxe5 Bg4 20.
Qh8+ Kf7 21. Qxh7+ Kf8 22. Qxh6+ Kf7 23. Qf4+  1-0

[Event "Mezinarodni turnaj - CALLIDITAS OPEN"]
[Site "Plzen"]
[Date "2020.08.24"]
[Round "2"]
[Board "21"]
[White "Ondreját, Miroslav"]
[Black "Nagyová, Daniela"]
[Result "1-0"]
[WhiteElo "1950"]
[BlackElo "1572"]
[PlyCount "49"]
[EventDate "2020.08.23"]
[EventRounds "9"]
[EventCountry "CZE"]

1. c4 e5 2. Nc3 Nf6 3. g3 d5 4. cxd5 Nxd5 5. Bg2 Be6 6. Nf3 Nc6 7. O-O Bc5 8.
Nxe5 Nxe5 9. d4 Bb4 10. dxe5 Bxc3 11. bxc3 Nxc3 12. Qc2 Nd5 13. Ba3 Qd7 14.
Rfd1 Qc6 15. Qxc6+ bxc6 16. Rdc1 Kd7 17. e4 Nb6 18. f4 Rhd8 19. Bf1 Bg4 20. Kg2
Rab8 21. h3 Be6 22. f5 Bd5 23. exd5 cxd5 24. Bb5+ Kc8 25. e6  1-0

[Event "Mezinarodni turnaj - CALLIDITAS OPEN"]
[Site "Plzen"]
[Date "2020.08.24"]
[Round "2"]
[Board "22"]
[White "Šeterle, Matej"]
[Black "Štepánek, Vít"]
[Result "1-0"]
[WhiteElo "1745"]
[BlackElo "1539"]
[PlyCount "89"]
[EventDate "2020.08.23"]
[EventRounds "9"]
[EventCountry "CZE"]

1. e4 e6 2. d4 d5 3. exd5 exd5 4. Bd3 Nf6 5. Bg5 Be7 6. Nf3 Nc6 7. O-O O-O 8.
c3 Re8 9. Qc2 h6 10. Bh4 Bg4 11. Nbd2 Rc8 12. h3 Be6 13. Rfe1 Na5 14. Re2 c5
15. Rae1 Rc7 16. Bf5 Bxf5 17. Qxf5 Rf8 18. dxc5 Nc6 19. Bg3 Rd7 20. b4 Nh7 21.
b5 Na5 22. Ne5 Rc7 23. Nc6 Rxc6 24. bxc6 Nxc6 25. Nb3 Bf6 26. Rd1 Ne7 27. Qd3
Ng5 28. c4 d4 29. Nxd4 Bxd4 30. Qxd4 Qxd4 31. Rxd4 Nf5 32. Rd7 Rc8 33. Bd6 Nxd6
34. cxd6 Rxc4 35. Rxb7 Rd4 36. d7 Kh7 37. Rxa7 Rd1+ 38. Kh2 Ne6 39. Rc2 Rd5 40.
a4 Nd4 41. Rc8 Ne6 42. a5 Kg6 43. a6 Kf6 44. Rb7 Ra5 45. a7  1-0

[Event "Mezinarodni turnaj - CALLIDITAS OPEN"]
[Site "Plzen"]
[Date "2020.08.24"]
[Round "2"]
[Board "23"]
[White "Teply Koutsky, David"]
[Black "Novotný, Jaromír"]
[Result "1-0"]
[WhiteElo "1512"]
[BlackElo "1737"]
[PlyCount "99"]
[EventDate "2020.08.23"]
[EventRounds "9"]
[EventCountry "CZE"]

1. d4 Nf6 2. c4 e5 3. dxe5 Ne4 4. Nf3 b6 5. Qd5 Bb7 6. Qd3 Na6 7. a3 Nac5 8.
Qc2 a5 9. Nc3 d6 10. Be3 Qd7 11. Bxc5 Nxc5 12. O-O-O Qg4 13. Rd4 Qg6 14. Qxg6
hxg6 15. Kc2 Bxf3 16. exf3 dxe5 17. Rd5 f6 18. Nb5 Rc8 19. Na7 Rd8 20. Nc6 Rxd5
21. cxd5 Bd6 22. Bc4 Kf7 23. h3 f5 24. Re1 Kf6 25. b4 axb4 26. axb4 Nd7 27. Ra1
Rh4 28. Kb3 e4 29. fxe4 Rxe4 30. Bd3 Re8 31. Bb5 Re4 32. Bd3 Rf4 33. Ra2 Ne5
34. Nxe5 Rxb4+ 35. Kc3 Kxe5 36. Bc4 Rb1 37. g3 Kf6 38. Kc2 Rh1 39. h4 Rh2 40.
Kd3 f4 41. Re2 fxg3 42. Re6+ Kf7 43. fxg3 Rg2 44. Bb5 Rxg3+ 45. Ke2 Be7 46. Bc4
Bd6 47. Bb5 Rg4 48. Be8+ Kf8 49. Bxg6 Rxh4 50. Re8#  1-0

[Event "Mezinarodni turnaj - CALLIDITAS OPEN"]
[Site "Plzen"]
[Date "2020.08.24"]
[Round "2"]
[Board "24"]
[White "Soutner, Jaroslav"]
[Black "Roubal, Matyáš"]
[Result "1-0"]
[WhiteElo "1726"]
[BlackElo "1471"]
[PlyCount "133"]
[EventDate "2020.08.23"]
[EventRounds "9"]
[EventCountry "CZE"]

1. e4 e5 2. Nf3 Nc6 3. Bb5 a6 4. Ba4 Nf6 5. O-O Be7 6. Re1 b5 7. Bb3 d6 8. c3
O-O 9. h3 Na5 10. Bc2 c5 11. d4 Qd7 12. Nbd2 Nc6 13. d5 Nd8 14. b3 Ne8 15. c4
f6 16. Bd3 b4 17. a3 Nf7 18. axb4 cxb4 19. Nf1 g6 20. Bd2 Rb8 21. Ra4 a5 22.
Qa1 Bd8 23. Be3 Qe7 24. Rc1 Bd7 25. Ra2 Rc8 26. Rac2 f5 27. exf5 e4 28. fxg6
hxg6 29. Be2 exf3 30. Bxf3 Ne5 31. Be2 Bf5 32. Rd2 Qh7 33. c5 Kf7 34. cxd6 Rxc1
35. Qxc1 Rh8 36. Qa1 Bf6 37. Bd4 Nd7 38. Bxf6 Nexf6 39. Bf3 g5 40. Re2 Kg6 41.
Re7 Qh4 42. Ng3 Qf4 43. Nxf5 Rc8 44. Ne3 g4 45. Bxg4 Qxd6 46. Rg7+ Kxg7 47.
Nf5+ Kg6 48. Nxd6 Rc3 49. Qd1 Nc5 50. Bf5+ Kg7 51. Qd2 Nh7 52. Qd4+ Kg8 53.
Bxh7+ Kxh7 54. Ne4 Nxb3 55. Qa7+ Kg6 56. d6 Rc1+ 57. Kh2 Rd1 58. d7 Nd4 59.
d8=Q Nf3+ 60. gxf3 Rxd8 61. Qb6+ Kh7 62. Qxd8 b3 63. Qxa5 b2 64. Qc7+ Kg6 65.
Qb6+ Kh5 66. Qf6 b1=Q 67. Qg5#  1-0

[Event "Mezinarodni turnaj - CALLIDITAS OPEN"]
[Site "Plzen"]
[Date "2020.08.24"]
[Round "2"]
[Board "25"]
[White "Mametev, Artem"]
[Black "Hoerhold, Karola"]
[Result "1-0"]
[WhiteElo "1479"]
[BlackElo "1725"]
[PlyCount "129"]
[EventDate "2020.08.23"]
[EventRounds "9"]
[EventCountry "CZE"]

1. e4 d6 2. d4 Nf6 3. Nc3 Nbd7 4. f4 e5 5. Be3 exd4 6. Bxd4 Qe7 7. Qf3 Nc5 8.
Bxc5 dxc5 9. h3 Bd7 10. O-O-O O-O-O 11. e5 Ng8 12. Nd5 Qe8 13. Qa3 Kb8 14. Qa5
b6 15. Nxc7 Qe7 16. Na6+ Kb7 17. Qd2 Qe6 18. b3 b5 19. Bxb5 Bxb5 20. Qxd8 Qc8
21. Qa5 Bxa6 22. Rd8 Qf5 23. Qd2 Ne7 24. g4 Qe6 25. Rd6 Qc8 26. Qa5 Nc6 27.
Qxc5 Bxd6 28. exd6 Rd8 29. Nf3 Qd7 30. Ne5 Qxd6 31. Qxd6 Rxd6 32. Nxf7 Rd7 33.
Ng5 g6 34. Rd1 Rxd1+ 35. Kxd1 Nb4 36. Nxh7 Bf1 37. Nf8 Bxh3 38. Nxg6 Bxg4+ 39.
Kd2 Nd5 40. c4 Nf6 41. Ke3 Kc7 42. Ne7 Kd7 43. Nd5 Ne8 44. Kd4 Kd6 45. b4 Be6
46. Ne3 Nf6 47. a4 Nd7 48. c5+ Kc7 49. Nd5+ Kb8 50. b5 Bf5 51. c6 Nb6 52. Ne7
Be6 53. a5 Na8 54. Ke5 Bc4 55. f5 Nc7 56. b6 axb6 57. axb6 Ne8 58. Nd5 Bb5 59.
f6 Nxf6 60. c7+ Kb7 61. Kxf6 Bd7 62. Ke7 Bh3 63. Kd8 Kc6 64. c8=Q+ Bxc8 65.
Kxc8  1-0

[Event "Mezinarodni turnaj - CALLIDITAS OPEN"]
[Site "Plzen"]
[Date "2020.08.24"]
[Round "2"]
[Board "26"]
[White "Toman, Jan"]
[Black "Hercik, Richard"]
[Result "1-0"]
[WhiteElo "1724"]
[BlackElo "1401"]
[PlyCount "49"]
[EventDate "2020.08.23"]
[EventRounds "9"]
[EventCountry "CZE"]

1. d4 f5 2. c4 Nf6 3. Nc3 g6 4. h4 d5 5. e3 e6 6. Be2 h5 7. Nh3 Nc6 8. Nf4 Ne7
9. b3 Ne4 10. Nxe4 fxe4 11. Ba3 Rg8 12. g4 hxg4 13. Bxg4 Nf5 14. Bxf8 Kxf8 15.
Bxf5 gxf5 16. Qh5 Qe8 17. Qh6+ Ke7 18. cxd5 Qf7 19. Rc1 Kd6 20. dxe6 Bxe6 21.
d5 Rae8 22. dxe6 Rxe6 23. Qxe6+ Qxe6 24. Nxe6 Kxe6 25. Rxc7  1-0

[Event "Mezinarodni turnaj - CALLIDITAS OPEN"]
[Site "Plzen"]
[Date "2020.08.24"]
[Round "2"]
[Board "27"]
[White "Mastný, Theodor"]
[Black "Langmajer, Jan"]
[Result "1/2-1/2"]
[WhiteElo "1440"]
[BlackElo "1716"]
[PlyCount "119"]
[EventDate "2020.08.23"]
[EventRounds "9"]
[EventCountry "CZE"]

1. d4 d5 2. c4 e6 3. Nc3 Nf6 4. Bg5 Nbd7 5. e3 c6 6. Nf3 Qa5 7. a3 Ne4 8. Qc1
dxc4 9. Bf4 b5 10. Be2 Ndf6 11. O-O Nxc3 12. Qxc3 Qxc3 13. bxc3 Nd5 14. Rfc1
Nxf4 15. exf4 f6 16. Nd2 c5 17. dxc5 Bb7 18. a4 O-O-O 19. Nf3 Bxc5 20. axb5
Bxf3 21. Bxf3 Rd2 22. Ra4 Bxf2+ 23. Kh1 Rhd8 24. Rxc4+ Kb8 25. Rc6 R8d6 26.
Rxd6 Rxd6 27. c4 Be3 28. Re1 Bd4 29. g3 Kc7 30. Bg4 e5 31. fxe5 fxe5 32. Bf3
Kb6 33. Kg2 Kc5 34. Bd5 Rf6 35. Rf1 Rxf1 36. Kxf1 Be3 37. Ke2 Bg1 38. h3 Kd4
39. Be6 e4 40. Bd5 e3 41. g4 Bf2 42. Be6 h6 43. Bd5 g5 44. Bf7 Bg3 45. Bd5 Bd6
46. Bg8 Bc5 47. Bd5 Bb6 48. Bg8 Ke4 49. Bd5+ Kf4 50. Bg2 Kg3 51. Bf1 Bc5 52.
Ke1 Kh2 53. Be2 Kxh3 54. Kd1 Kg2 55. Kc2 Kf2 56. Kd3 Kg3 57. Ke4 Bb6 58. Bd1
Kf2 59. Kd3 Kg3 60. Ke4  1/2-1/2

[Event "Mezinarodni turnaj - CALLIDITAS OPEN"]
[Site "Plzen"]
[Date "2020.08.24"]
[Round "2"]
[Board "28"]
[White "Konecný, Jakub"]
[Black "Berka, Luboš"]
[Result "0-1"]
[WhiteElo "1245"]
[BlackElo "1695"]
[PlyCount "81"]
[EventDate "2020.08.23"]
[EventRounds "9"]
[EventCountry "CZE"]

1. c4 c5 2. Nc3 Nc6 3. e4 g6 4. g3 Bg7 5. Bg2 d6 6. Nge2 e5 7. d3 Bg4 8. h3 Be6
9. O-O Qd7 10. Kh2 Nge7 11. Rb1 f5 12. f4 O-O 13. Be3 Rf7 14. fxe5 Nxe5 15. Nf4
fxe4 16. Nxe6 Rxf1 17. Qxf1 Qxe6 18. Nxe4 Nf7 19. b4 Nf5 20. Bf2 Be5 21. Ng5
Qe7 22. Nxf7 Kxf7 23. bxc5 Rb8 24. c6 b6 25. d4 Bf6 26. c5 dxc5 27. dxc5 Ne3
28. Bxe3 Qxe3 29. c7 Rc8 30. Qc4+ Kg7 31. cxb6 axb6 32. Bb7 Be5 33. Qg4 Qf2+
34. Bg2 Rxc7 35. Qf3 Qxf3 36. Bxf3 Rc2+ 37. Bg2 Rxa2 38. Rxb6 Ra3 39. Rb4 Rxg3
40. Kh1 Ra3 41. Re4  0-1

[Event "Mezinarodni turnaj - CALLIDITAS OPEN"]
[Site "Plzen"]
[Date "2020.08.24"]
[Round "2"]
[Board "29"]
[White "Chval, Zdenek"]
[Black "Fakan, Petr"]
[Result "1-0"]
[WhiteElo "1676"]
[BlackElo "1360"]
[PlyCount "23"]
[EventDate "2020.08.23"]
[EventRounds "9"]
[EventCountry "CZE"]

1. e4 Nc6 2. Nf3 d6 3. d4 f5 4. Nc3 Nf6 5. Bd3 fxe4 6. Nxe4 Bg4 7. c3 g6 8. h3
Bd7 9. O-O Bg7 10. Nfg5 O-O 11. Qb3+ Kh8 12. Nf7+  1-0

[Event "Mezinarodni turnaj - CALLIDITAS OPEN"]
[Site "Plzen"]
[Date "2020.08.24"]
[Round "2"]
[Board "30"]
[White "Klabeneš, Petr"]
[Black "Roubal, František"]
[Result "1-0"]
[WhiteElo "1660"]
[BlackElo "1208"]
[PlyCount "47"]
[EventDate "2020.08.23"]
[EventRounds "9"]
[EventCountry "CZE"]

1. e4 e6 2. f4 d5 3. e5 Ne7 4. Nf3 Nf5 5. d4 Nc6 6. c3 Bd7 7. Bd3 Nh4 8. O-O h6
9. b4 a6 10. a4 Be7 11. Nbd2 O-O 12. Nxh4 Bxh4 13. Qh5 Be8 14. Nf3 Be7 15. Qh3
Bd7 16. g4 f5 17. g5 Kh7 18. Kh1 Qe8 19. Rg1 Rg8 20. Ra2 Qg6 21. Rag2 Raf8 22.
Rg4 Rh8 23. gxh6 Qxg4 24. Qxg4  1-0

[Event "Mezinarodni turnaj - CALLIDITAS OPEN"]
[Site "Plzen"]
[Date "2020.08.24"]
[Round "2"]
[Board "31"]
[White "Hájek, Jindrich"]
[Black "Kalista, Karel"]
[Result "0-1"]
[WhiteElo "1664"]
[BlackElo "1656"]
[PlyCount "78"]
[EventDate "2020.08.23"]
[EventRounds "9"]
[EventCountry "CZE"]

1. e4 e5 2. Nf3 Nf6 3. Nxe5 d6 4. Nf3 Nxe4 5. Nc3 Bf5 6. d4 Be7 7. Bd3 Nxc3 8.
bxc3 Bxd3 9. Qxd3 O-O 10. Be3 Nd7 11. Rb1 b6 12. h4 Re8 13. Kd2 d5 14. Bg5 c5
15. Qf5 Nf6 16. Bxf6 Bxf6 17. Rbe1 cxd4 18. Rxe8+ Qxe8 19. cxd4 Qc6 20. Re1 Rc8
21. Re3 g6 22. Qd3 Qc4 23. Qxc4 Rxc4 24. Rc3 Ra4 25. a3 Bxd4 26. Rc8+ Kg7 27.
Rc7 Bf6 28. g3 Rxa3 29. Ne1 b5 30. Nd3 a5 31. Rc5 b4 32. Rxd5 Bc3+ 33. Ke3 Ra2
34. Nc5 Rxc2 35. Na4 Ra2 36. Nxc3 bxc3 37. Rc5 c2 38. f4 h5 39. Rc3 Ra3  0-1

[Event "Mezinarodni turnaj - CALLIDITAS OPEN"]
[Site "Plzen"]
[Date "2020.08.24"]
[Round "2"]
[Board "32"]
[White "Zach, Tomáš"]
[Black "Mastný, Václav"]
[Result "1/2-1/2"]
[WhiteElo "1617"]
[BlackElo "1574"]
[PlyCount "164"]
[EventDate "2020.08.23"]
[EventRounds "9"]
[EventCountry "CZE"]

1. e4 d5 2. exd5 Qxd5 3. Nc3 Qa5 4. d4 c6 5. Nf3 Bg4 6. Be2 Nd7 7. O-O O-O-O 8.
Qe1 Bf5 9. Bd3 Bxd3 10. cxd3 e6 11. a3 h6 12. Bf4 Ngf6 13. Ne2 Qxe1 14. Rfxe1
g5 15. Bg3 Nh5 16. Red1 Nxg3 17. hxg3 Bg7 18. Rac1 g4 19. Ne1 Nb6 20. Rc2 Bxd4
21. Nxd4 Rxd4 22. Re2 Rhd8 23. b3 Kc7 24. Red2 h5 25. Nc2 R4d7 26. Ne3 Nd5 27.
Nxd5+ Rxd5 28. Kf1 e5 29. f3 f5 30. Ke2 Re8 31. Rh1 Rh8 32. Ke3 Kd6 33. b4 a5
34. Rb2 Rb5 35. Rhb1 axb4 36. Rxb4 Rxb4 37. Rxb4 b5 38. f4 Ra8 39. fxe5+ Kxe5
40. Rb3 Ra4 41. Rc3 Kd5 42. Rb3 Rd4 43. Rb2 Ra4 44. Rb3 Kc5 45. Rc3+ Kd5 46.
Rb3 Ke5 47. Rc3 Ra6 48. d4+ Kf6 49. Kf4 Rb6 50. Rb3 Rb8 51. Rc3 Rb6 52. Rc5 Ra6
53. Rxf5+ Kg6 54. Rc5 Rb6 55. Ke5 Ra6 56. Rc3 Kg5 57. Kd6 Kf6 58. Kc7 Kf5 59.
Re3 Ra4 60. Re5+ Kg6 61. Re6+ Kf5 62. Re5+ Kg6 63. Kxc6 Rxa3 64. Rxb5 Rxg3 65.
Rb2 Kf6 66. Kd6 h4 67. Rf2+ Kg6 68. d5 h3 69. gxh3 gxh3 70. Kd7 Rg2 71. Rf1 Kg5
72. d6 Kg4 73. Ke8 Re2+ 74. Kf7 Rd2 75. Ke7 Re2+ 76. Kd8 Kg3 77. d7 Kg2 78. Rc1
h2 79. Kc8 Rd2 80. d8=Q Rxd8+ 81. Kxd8 h1=Q 82. Rxh1 Kxh1  1/2-1/2

[Event "Mezinarodni turnaj - CALLIDITAS OPEN"]
[Site "Plzen"]
[Date "2020.08.25"]
[Round "4"]
[Board "1"]
[White "Hába, Zdenek"]
[Black "Eret, Matouš"]
[Result "1/2-1/2"]
[WhiteElo "2163"]
[BlackElo "2195"]
[PlyCount "65"]
[EventDate "2020.08.23"]
[EventRounds "9"]
[EventCountry "CZE"]

1. d4 Nf6 2. c4 d6 3. Nc3 Nbd7 4. e4 e5 5. Nf3 Be7 6. Be2 O-O 7. O-O c6 8. Re1
Qc7 9. Bf1 Re8 10. h3 a5 11. Bg5 exd4 12. Nxd4 Nc5 13. Bh4 Be6 14. Bg3 Rad8 15.
Qc2 Qb6 16. Rad1 Nh5 17. Bh2 g6 18. g4 Ng7 19. Kh1 Bc8 20. f4 Bh4 21. Re2 f5
22. exf5 gxf5 23. g5 Rxe2 24. Bxe2 Bf2 25. Bf3 Bxd4 26. Rxd4 Ne4 27. Bg1 Nc5
28. Na4 Nxa4 29. Rxd6 Qc7 30. Rxd8+ Qxd8 31. Qxa4 Ne6 32. c5 Qd2 33. Qc4
 1/2-1/2

[Event "Mezinarodni turnaj - CALLIDITAS OPEN"]
[Site "Plzen"]
[Date "2020.08.25"]
[Round "4"]
[Board "2"]
[White "Tscharotschkin, Michael"]
[Black "Palek, Miroslav"]
[Result "0-1"]
[WhiteElo "2174"]
[BlackElo "2158"]
[PlyCount "76"]
[EventDate "2020.08.23"]
[EventRounds "9"]
[EventCountry "CZE"]

1. e4 d6 2. d4 Nf6 3. f3 Nbd7 4. c4 e5 5. d5 c5 6. Nc3 Be7 7. g3 O-O 8. Bg2 Ne8
9. Nge2 a6 10. O-O Rb8 11. a4 Nc7 12. Qd3 b5 13. axb5 axb5 14. cxb5 Nb6 15. Be3
c4 16. Qd2 Bd7 17. Ra5 f5 18. Rfa1 fxe4 19. fxe4 Rb7 20. Kh1 Qb8 21. Ng1 Nc8
22. Bf1 Nxb5 23. Bxc4 Nd4 24. R5a2 Rb4 25. b3 Nxb3 26. Bxb3 Rxb3 27. Rc2 Qb4
28. Qd3 Bd8 29. Re1 Bb6 30. Kg2 Bxe3 31. Qxe3 Nb6 32. Nge2 Bg4 33. Ng1 Na4 34.
Rec1 Nxc3 35. Rxc3 Rxc3 36. Rxc3 Qb2+ 37. Kh1 Rf2 38. Rc8+ Bxc8  0-1

[Event "Mezinarodni turnaj - CALLIDITAS OPEN"]
[Site "Plzen"]
[Date "2020.08.25"]
[Round "4"]
[Board "3"]
[White "Novácek, Karel"]
[Black "Arndt, Stefan"]
[Result "1/2-1/2"]
[WhiteElo "2030"]
[BlackElo "2168"]
[PlyCount "56"]
[EventDate "2020.08.23"]
[EventRounds "9"]
[EventCountry "CZE"]

1. e4 d6 2. d4 Nf6 3. Nc3 Nbd7 4. f4 e5 5. Nf3 exd4 6. Nxd4 g6 7. Be2 Bg7 8.
O-O O-O 9. Bf3 Re8 10. Kh1 Nc5 11. Re1 d5 12. exd5 Rxe1+ 13. Qxe1 Nxd5 14. Nxd5
Bxd4 15. c3 Bg7 16. Qe7 Qxe7 17. Nxe7+ Kf8 18. Nxc8 Rxc8 19. Be3 b6 20. Bxc5+
bxc5 21. Rd1 Rb8 22. Rd2 Ke7 23. Kg1 Rb6 24. Kf2 Rd6 25. Ke3 Re6+ 26. Kf2 Rd6
27. Ke3 Re6+ 28. Kf2 Rd6  1/2-1/2

[Event "Mezinarodni turnaj - CALLIDITAS OPEN"]
[Site "Plzen"]
[Date "2020.08.25"]
[Round "4"]
[Board "4"]
[White "Kozák, Miloš"]
[Black "Kubát, Miroslav"]
[Result "1-0"]
[WhiteElo "2135"]
[BlackElo "2019"]
[PlyCount "85"]
[EventDate "2020.08.23"]
[EventRounds "9"]
[EventCountry "CZE"]

1. d4 Nf6 2. c4 g6 3. g3 Bg7 4. Nf3 d6 5. Nc3 O-O 6. Bg2 Nbd7 7. O-O e5 8. e4
c5 9. dxc5 dxc5 10. Qc2 Qe7 11. Rd1 h6 12. Nd5 Nxd5 13. cxd5 b6 14. b3 Qd6 15.
Nd2 f5 16. exf5 gxf5 17. Nc4 Qg6 18. Bb2 Bb7 19. Re1 e4 20. Rad1 Rae8 21. Bxg7
Kxg7 22. f3 exf3 23. Bxf3 Qf6 24. Qd2 b5 25. Na5 Ba8 26. Bh5 Re5 27. Nc6 Bxc6
28. dxc6 Rxe1+ 29. Rxe1 Nb6 30. Bf3 Rd8 31. Qf4 Nd5 32. Qe5 Qxe5 33. Rxe5 Nb4
34. Rxc5 Rc8 35. Rxb5 Nxc6 36. Rb7+ Kf6 37. Bxc6 Rxc6 38. Rxa7 Ke5 39. Re7+ Kd4
40. Re2 f4 41. gxf4 Rf6 42. Rc2 Ke3 43. Rf2  1-0

[Event "Mezinarodni turnaj - CALLIDITAS OPEN"]
[Site "Plzen"]
[Date "2020.08.25"]
[Round "4"]
[Board "5"]
[White "Bechynský, Jan"]
[Black "Bullen, Alex"]
[Result "1/2-1/2"]
[WhiteElo "1955"]
[BlackElo "2116"]
[PlyCount "61"]
[EventDate "2020.08.23"]
[EventRounds "9"]
[EventCountry "CZE"]

1. e4 c6 2. f4 d5 3. Nc3 dxe4 4. Nxe4 Nd7 5. Nf3 Ndf6 6. Nf2 h5 7. Bc4 Nh6 8.
d4 Bf5 9. c3 e6 10. Nd3 Nd5 11. Qe2 Qd6 12. a4 Bxd3 13. Bxd3 Nxf4 14. Bxf4 Qxf4
15. g3 Qc7 16. O-O-O O-O-O 17. Rhf1 Qa5 18. Bc2 Bd6 19. b4 Qc7 20. Ng5 g6 21.
Nxf7 Nxf7 22. Qxe6+ Qd7 23. Qxf7 Qxf7 24. Rxf7 g5 25. Rdf1 Rdf8 26. Rxf8+ Rxf8
27. Rxf8+ Bxf8 28. Bg6 h4 29. gxh4 gxh4 30. Bf5+ Kc7 31. h3  1/2-1/2

[Event "Mezinarodni turnaj - CALLIDITAS OPEN"]
[Site "Plzen"]
[Date "2020.08.25"]
[Round "4"]
[Board "6"]
[White "Novotný, Ondrej"]
[Black "Švanda, Adam"]
[Result "1-0"]
[WhiteElo "2031"]
[BlackElo "1852"]
[PlyCount "83"]
[EventDate "2020.08.23"]
[EventRounds "9"]
[EventCountry "CZE"]

1. e4 d5 2. e5 Bf5 3. d4 e6 4. Nf3 c5 5. c3 Nc6 6. Be2 Qb6 7. O-O h6 8. a3 a6
9. b4 cxd4 10. cxd4 g5 11. Be3 Rc8 12. Qd2 f6 13. h3 fxe5 14. dxe5 Qc7 15. Rc1
Bg7 16. Nd4 Qxe5 17. Nxf5 Qxf5 18. Bh5+ Kd7 19. Bg4 Qe5 20. Bc5 Nge7 21. Re1
Qxa1 22. Rxe6 Kd8 23. Qe1 Rc7 24. Rd6+ Ke8 25. Bh5+ Kf8 26. Qe6 Qxb1+ 27. Kh2
Be5+ 28. g3 Qh7 29. Rxd5 Qg7 30. Rd3 Qf6 31. Rf3 Qxf3 32. Bxf3 Bb2 33. Bh5 Rh7
34. Qf5+ Kg8 35. Qe6+ Kf8 36. Qg6 b6 37. Qxh7 Bg7 38. Qg6 Kg8 39. Qe8+ Kh7 40.
Bf3 Ng6 41. Be4 Nce5 42. Bd5  1-0

[Event "Mezinarodni turnaj - CALLIDITAS OPEN"]
[Site "Plzen"]
[Date "2020.08.25"]
[Round "4"]
[Board "7"]
[White "Schubert, Gerhard"]
[Black "Vilímek, Vít"]
[Result "0-1"]
[WhiteElo "1976"]
[BlackElo "1761"]
[PlyCount "118"]
[EventDate "2020.08.23"]
[EventRounds "9"]
[EventCountry "CZE"]

1. e4 c5 2. Nc3 Nc6 3. d3 g6 4. Be3 d6 5. Qd2 Bg7 6. Be2 e6 7. Nf3 Nd4 8. Bxd4
cxd4 9. Nb5 e5 10. Qb4 Ke7 11. Qc4 Be6 12. Qc7+ Qxc7 13. Nxc7 Rc8 14. Nxe6 fxe6
15. Bd1 Rc6 16. h4 Nf6 17. Ng5 Rhc8 18. O-O Rb6 19. Rb1 Rc5 20. b3 Ra5 21. Rb2
Ra3 22. Be2 Rba6 23. Ra1 b5 24. g3 Bh6 25. Kg2 Bg7 26. Kh3 h6 27. Nf3 h5 28.
Ng5 Bh6 29. f4 Bxg5 30. hxg5 Nd7 31. g4 exf4 32. gxh5 gxh5 33. Bxh5 e5 34. Kg4
Rc6 35. Rh1 b4 36. Bg6 Nf8 37. Bf5 Kf7 38. Rh6 Ra5 39. Kf3 Kg7 40. Kg4 Rac5 41.
Rh2 Kf7 42. Rh6 Ke7 43. Rh2 Rc7 44. Rh8 Rxc2 45. Rxc2 Rxc2 46. g6 Rg2+ 47. Kf3
Rg3+ 48. Ke2 Nxg6 49. Rh7+ Kf6 50. Rd7 f3+ 51. Kf1 Nf4 52. Rxd6+ Kg5 53. Ra6
Nxd3 54. Rxa7 f2 55. Rg7+ Kf4 56. Rxg3 Kxg3 57. Be6 Nf4 58. Bc4 Ng2 59. Ke2 Ne3
 0-1

[Event "Mezinarodni turnaj - CALLIDITAS OPEN"]
[Site "Plzen"]
[Date "2020.08.25"]
[Round "4"]
[Board "8"]
[White "Vantuch, Lucian"]
[Black "Toman, Jan"]
[Result "1-0"]
[WhiteElo "1966"]
[BlackElo "1724"]
[PlyCount "45"]
[EventDate "2020.08.23"]
[EventRounds "9"]
[EventCountry "CZE"]

1. e4 e5 2. Nf3 Nc6 3. Bc4 Be7 4. O-O Nf6 5. d3 O-O 6. Re1 d6 7. c3 Bg4 8. Nbd2
d5 9. exd5 Nxd5 10. h3 Bh5 11. Nf1 Nb6 12. Bb5 f6 13. Ng3 Be8 14. d4 Nxd4 15.
Nxd4 exd4 16. Nf5 Bxb5 17. Rxe7 Rf7 18. Rxf7 Kxf7 19. Qh5+ Kg8 20. Nxg7 Kxg7
21. Bh6+ Kh8 22. Qf7 Qd7 23. Bg7#  1-0

[Event "Mezinarodni turnaj - CALLIDITAS OPEN"]
[Site "Plzen"]
[Date "2020.08.25"]
[Round "4"]
[Board "9"]
[White "Chval, Zdenek"]
[Black "Hrdlica, Pavel"]
[Result "1-0"]
[WhiteElo "1676"]
[BlackElo "1952"]
[PlyCount "148"]
[EventDate "2020.08.23"]
[EventRounds "9"]
[EventCountry "CZE"]

1. e4 e6 2. d4 d5 3. exd5 exd5 4. Bd3 Bd6 5. Nf3 Nf6 6. O-O O-O 7. Bg5 Bg4 8.
Re1 Nbd7 9. Nbd2 c6 10. c4 Qc7 11. Qc2 h6 12. Bh4 Rfe8 13. Bf5 dxc4 14. Bxg4
Nxg4 15. h3 Ngf6 16. Nxc4 Bf4 17. Bxf6 Nxf6 18. Nce5 Rad8 19. Rad1 Qc8 20. Qc4
Nd5 21. Re4 Re6 22. Rde1 Rde8 23. g3 Bxe5 24. dxe5 Qc7 25. Qd4 Qb6 26. Qxb6
axb6 27. Nd4 R6e7 28. Nf5 Rd7 29. Rg4 g6 30. e6 Nf6 31. exf7+ Kxf7 32. Nxh6+
Kg7 33. Rxe8 Nxe8 34. Nf5+ Kf6 35. Ne3 Rd2 36. Rb4 b5 37. Kf1 Nc7 38. Ke1 Rd7
39. Ke2 Ne6 40. Ng4+ Kf5 41. Ke3 g5 42. Re4 Nc7 43. Re5+ Kg6 44. f4 Nd5+ 45.
Kf3 gxf4 46. gxf4 Rh7 47. Kg3 Nxf4 48. Kxf4 Rxh3 49. Re3 Rh4 50. Kg3 Rh1 51.
Ne5+ Kf5 52. Nd3 Rd1 53. Rf3+ Ke6 54. Nc5+ Kd5 55. Nxb7 Rg1+ 56. Kf2 Rg7 57.
Na5 Ra7 58. b4 Rh7 59. a3 Rh2+ 60. Ke1 Ra2 61. Kd1 Ke4 62. Rb3 Kd5 63. Rh3 c5
64. Rh5+ Kd4 65. Rxc5 Rxa3 66. Rxb5 Kd3 67. Rd5+ Kc3 68. Nc6 Kc4 69. Rc5+ Kd3
70. Rd5+ Kc4 71. Rh5 Ra2 72. b5 Kc3 73. Rh3+ Kc4 74. b6 Rb2  1-0

[Event "Mezinarodni turnaj - CALLIDITAS OPEN"]
[Site "Plzen"]
[Date "2020.08.25"]
[Round "4"]
[Board "10"]
[White "Ondreját, Miroslav"]
[Black "Klabeneš, Petr"]
[Result "1-0"]
[WhiteElo "1950"]
[BlackElo "1660"]
[PlyCount "115"]
[EventDate "2020.08.23"]
[EventRounds "9"]
[EventCountry "CZE"]

1. Nf3 c5 2. b3 Nc6 3. Bb2 b5 4. a4 b4 5. g3 Bb7 6. Bg2 e6 7. O-O Nf6 8. c4 Be7
9. Re1 O-O 10. e4 d6 11. d4 cxd4 12. Nxd4 Rc8 13. Nd2 Ne5 14. Nf1 Qb6 15. h3
Nfd7 16. f4 Nc6 17. Kh2 Bf6 18. Nxc6 Bxc6 19. Ra2 Rfd8 20. Bxf6 Nxf6 21. Rd2 h6
22. g4 a5 23. Ng3 Bb7 24. Qe2 Rd7 25. Red1 Rcd8 26. h4 e5 27. Rf1 g6 28. g5
hxg5 29. fxg5 Nh7 30. Bh3 Re7 31. Qd3 Nf8 32. Rdf2 Bc8 33. Bxc8 Rxc8 34. h5 Ne6
35. Qd2 Nf4 36. h6 Qc6 37. Rxf4 exf4 38. Qxf4 Qc5 39. h7+ Kxh7 40. Kg2 Qe5 41.
Qh4+ Kg8 42. Rh1 Qb2+ 43. Kf3 Ree8 44. Nf1 Qxb3+ 45. Ne3 Qc3 46. Kf4 Qd4 47.
Kf3 Rc5 48. Nd5 Rxd5 49. cxd5 b3 50. Qh7+ Kf8 51. Qh8+ Qxh8 52. Rxh8+ Ke7 53.
Rh2 Rb8 54. Rb2 f6 55. gxf6+ Kxf6 56. Ke3 Ke5 57. Kd3 g5 58. Rf2  1-0

[Event "Mezinarodni turnaj - CALLIDITAS OPEN"]
[Site "Plzen"]
[Date "2020.08.25"]
[Round "4"]
[Board "11"]
[White "Hodan, Jirí"]
[Black "Cipl, Jan"]
[Result "1-0"]
[WhiteElo "1871"]
[BlackElo "1634"]
[PlyCount "39"]
[EventDate "2020.08.23"]
[EventRounds "9"]
[EventCountry "CZE"]

1. e4 e5 2. Nf3 Nc6 3. Bc4 Bc5 4. c3 Nf6 5. d3 d5 6. exd5 Nxd5 7. Qb3 Be6 8.
Qxb7 Nde7 9. Bxe6 fxe6 10. Qb5 Qd5 11. Qc4 O-O 12. Qxd5 exd5 13. Be3 Bxe3 14.
fxe3 Nf5 15. Ke2 d4 16. cxd4 exd4 17. e4 Ne3 18. Rc1 Rab8 19. Rxc6 Rxb2+ 20.
Nbd2  1-0